[Event "Bullwinkle CC-ch"]
[Site "Brisbane"]
[Date "2000.10.03"]
[Round "1"]
[White "Nash, Ulrik"]
[Black "Smerdon, David"]
[Result "0-1"]
[WhiteElo "1818"]
[BlackElo "2257"]
[PlyCount "52"]
[EventDate "2000.??.??"]
[EventType "tourn"]
[EventRounds "3"]
[EventCountry "AUS"]
[SourceTitle "EXT 2006"]
[Source "ChessBase"]
[SourceDate "2005.11.24"]
[SourceVersion "1"]
[SourceVersionDate "2005.11.24"]
[SourceQuality "1"]

1. d4 Nf6 2. c4 e6 3. Nf3 c5 4. g3 cxd4 5. Nxd4 Qb6 6. Bg2 Bc5 7. e3 d5 8. cxd5 Nxd5 9. 0-0 0-0 10. Nb3 Be7 11. Bd2 Nc6 12. Nc3 Nf6 13. Qe2 e5 14. Na4 Qc7 15. Rac1 Bg4 16. Qb5 a6 17. Qb6 Qxb6 18. Nxb6 Rab8 19. Bxc6 bxc6 20. Rxc6 Bf3 21. Rxf6 gxf6 22. Nd7 Rxb3 23. axb3 Rd8 24. Nxe5 fxe5 25. Bc3 f6 26. b4 Rb8 0-1

[Event "Bullwinkle CC-ch"]
[Site "Brisbane"]
[Date "2000.09.29"]
[Round "1"]
[White "Smerdon, David"]
[Black "Nash, Ulrik"]
[Result "1-0"]
[WhiteElo "2257"]
[BlackElo "1818"]
[PlyCount "81"]
[EventDate "2000.??.??"]
[EventType "tourn"]
[EventRounds "3"]
[EventCountry "AUS"]
[SourceTitle "EXT 2006"]
[Source "ChessBase"]
[SourceDate "2005.11.24"]
[SourceVersion "1"]
[SourceVersionDate "2005.11.24"]
[SourceQuality "1"]

1. e4 c5 2. Nf3 d6 3. c3 Nf6 4. Be2 g6 5. 0-0 Bg7 6. Bb5+ Bd7 7. Bxd7+ Nfxd7 8. d4 Nc6 9. Be3 0-0 10. Na3 b6 11. d5 Nce5 12. Ng5 h6 13. Nh3 Nf6 14. f3 Kh7 15. Qe2 a6 16. c4 Qc7 17. Bd2 e6 18. f4 Neg4 19. dxe6 fxe6 20. Bc3 e5 21. f5 g5 22. Rf3 Nh5 23. Rd3 Ngf6 24. g3 Rg8 25. Rad1 Bf8 26. Nc2 Ng7 27. Nf2 Nge8 28. Ne3 Qf7 29. Nfg4 Ra7 30. Bxe5 Nxg4 31. Nxg4 dxe5 32. Nxe5 Qg7 33. Rd7 Rxd7 34. Rxd7 Be7 35. Ng6 Qf6 36. Rxe7+ Ng7 37. Qd2 h5 38. h3 Kh6 39. g4 Re8 40. e5 Qc6 41. h4 1-0